Pets for sale

Bewaard in:
Bibliografische gegevens
Hoofdauteur: Wilson, Catherine (Auteur)
Formaat: Boek
Taal:Engels
Gepubliceerd in: Londres Longman 1971
Reeks:Longman Integrated Comprehension and Composition Series. Fiction, 3
Onderwerpen:
Tags: Voeg label toe
Geen labels, Wees de eerste die dit record labelt!

MARC

LEADER 00000nam a2200000 a 4500
001 UCQ3228
003 CL-VaPUC
008 980817e19710000UK |||||||||||||||||eng|d
082 0 4 |a 428.07  |b WIL  |2 21 
100 0 |a Wilson, Catherine  |e author  |9 417265 
245 1 0 |a Pets for sale 
300 |a 31 p 
942 |c BK 
945 |d 19980817 00:00:00  |a crobeson 
260 |a Londres  |b Longman  |c 1971 
650 0 |a Lectura  |9 307634 
650 0 |a Comprensión de lectura  |9 307588 
650 0 |a Composición literaria  |9 324494 
650 0 |a Inglés  |9 260023 
650 0 |a Enseñanza de idiomas  |9 339820 
583 |a last modification  |c 19980817 00:00:00  |k Rodrigo Vera 
490 0 |a Longman Integrated Comprehension and Composition Series. Fiction, 3 
999 |c 273825  |d 273823 
952 |0 0  |1 0  |4 0  |6 428_070000000000000_WIL_1971  |7 0  |8 A  |9 309709  |a BIBEDU  |b BIBEDU  |d 2019-11-20  |i 1452878  |o 428.07 WIL 1971  |p 1452878  |r 2019-11-20  |w 2019-11-20  |y BK  |k LIT 
952 |0 0  |1 0  |4 0  |6 428_070000000000000_WIL_1971  |7 0  |8 A  |9 309710  |a BIBEDU  |b BIBEDU  |d 2019-11-20  |i 1452886  |o 428.07 WIL 1971  |p 1452886  |r 2019-11-20  |w 2019-11-20  |y BK  |k LIT 
952 |0 0  |1 0  |4 0  |6 428_070000000000000_WIL_1971  |7 0  |8 A  |9 309711  |a BIBEDU  |b BIBEDU  |d 2019-11-20  |i 1452894  |o 428.07 WIL 1971  |p 1452894  |r 2019-11-20  |w 2019-11-20  |y BK  |k LIT 
952 |0 0  |1 0  |4 0  |6 428_070000000000000_WIL_1971  |7 0  |8 A  |9 309712  |a BIBEDU  |b BIBEDU  |d 2019-11-20  |i 1452908  |o 428.07 WIL 1971  |p 1452908  |r 2019-11-20  |w 2019-11-20  |y BK  |k LIT 
952 |0 0  |1 0  |4 0  |6 428_070000000000000_WIL_1971  |7 0  |8 A  |9 309713  |a BIBEDU  |b BIBEDU  |d 2019-11-20  |i 1452916  |o 428.07 WIL 1971  |p 1452916  |r 2019-11-20  |w 2019-11-20  |y BK  |k LIT 
952 |0 0  |1 0  |4 0  |6 428_070000000000000_WIL_1971  |7 0  |8 A  |9 309714  |a BIBEDU  |b BIBEDU  |d 2019-11-20  |i 1452924  |o 428.07 WIL 1971  |p 1452924  |r 2019-11-20  |w 2019-11-20  |y BK  |k LIT